00297nam a2200121Ia 4500008004100000082001500041100001900056245002200075260002600097300000800123630002200131730002200153100122s9999 xx 000 0 und d b18917a823 aBRICKHILL PAUL aREACH FOR THE SKY bST. JAMES PLACEc1955 a384 aREACH FOR THE SKY aREACH FOR THE SKY